| 000 | 00548 a2200169 4500 | ||
|---|---|---|---|
| 020 | _a020154217X | ||
| 040 | _a0 | ||
| 082 | _a510.2855369 | ||
| 100 | _aShaw, William T. | ||
| 110 | _aTigg, Jason | ||
| 245 |
_aApplied Mathematica _bGetting started, getting it done _cShaw, William T. |
||
| 260 |
_aUSA _bAddison-Wesley _c1994 |
||
| 300 |
_axiv, 432 p. ; _bill.; _c25 cm. |
||
| 500 | _aIncludes bibliographical references and index. | ||
| 650 | _a1. Mathematica (Computer file). 2. Mathematics--Data processing. | ||
| 942 |
_cBK _k510.2855369 SHA _2ddc |
||
| 999 |
_c11178 _d11178 |
||